000 00773nam a2200265 i 4500
003 DO-SdBNP
005 20250219092645.0
007 ta
008 250219b19? fr ||||| |||| 00| 0 spa d
040 _aDO-SdBNP
_bspa
_cBNPHU
_erda
041 1 7 _hspa
082 4 _axxx
_bR426n
_222
100 _986701
110 1 _aRepública Dominicana
_bComisión Organizadora del Diálogo Nacional
_986990
245 1 _aNormas de debate para el Diálogo Nacional
264 _aSanto Domingo :
_bAlfa & Omega,
_cfecha no identificada
300 _a 7 páginas ;
_c22 cm.
336 _atexto
_btxt
_2rdaconten
337 _asin mediación
_bn
_2rdamedia
338 _avolumen
_bnc
_2rdacarrier
590 _aInventariado, 2025/DG
700 _942214
910 _aDG
942 _2ddc
_cLF2
999 _c58135
_d58135